Statistics for Car Models

Click here to take the quiz!

General Stats

  • This quiz has been taken 94 times
    (86 since last reset)
  • The average score is 7 of 16

Answer Stats

Answer% Correct
Nissan GTR R35
81%
Bugatti Chiron
71%
Chevrolet Camaro
67%
BMW M5 F90
63%
Lamborghini Aventador
61%
Ford Mustang
60%
Volkswagen Golf MK7
59%
Audi RS5
43%
Mercedes G Class
43%
Toyota Corolla
43%
Ferrari 812
30%
Honda Accord
23%
Honda Civic
21%
Porsche 911 Carrera
21%
Mazda MX5 Miata NA
13%
GMC Sierra
9%

Score Distribution

Percentile by Number Answered

Percent of People with Each Score

Your Score History

You have not taken this quiz since the last reset